El dolor del triunfo

Պահպանված է:
Մատենագիտական մանրամասներ
Հիմնական հեղինակ: Camus Riquelme, Francisco (Հեղինակ)
Այլ հեղինակներ: Martinic Beros, Mateo (autor)
Ձևաչափ: Գիրք
Լեզու:իսպաներեն
Հրապարակվել է: Santiago Pomaire 1983
Խորագրեր:
Ցուցիչներ: Ավելացրեք ցուցիչ
Չկան պիտակներ, Եղեք առաջինը, ով նշում է այս գրառումը!

MARC

LEADER 00000nam a2200000 a 4500
001 UCW9846
003 CL-VaPUC
008 890623e19830000CL |||||||||||||||||spa|d
082 0 4 |a Ch863  |b CAM  |2 21 
100 0 |a Camus Riquelme, Francisco  |e author  |9 315279 
700 |a Martinic Beros, Mateo  |e autor  |9 315280 
245 1 3 |a El dolor del triunfo 
300 |a 211 p 
942 |c BK 
945 |d 19890623 00:00:00 
260 |a Santiago  |b Pomaire  |c 1983 
650 0 |a Novelas chilenas   |9 265425 
583 |a last modification  |c 19890623 00:00:00  |k Rodrigo Vera 
999 |c 221703  |d 221701 
952 |0 0  |1 0  |4 0  |6 CH_863_000000000000000_CAM_1983  |7 0  |8 A  |9 215445  |a BIBEDU  |b BIBEDU  |d 2019-11-15  |i 2838826  |o Ch863 CAM 1983  |p 2838826  |r 2019-11-15  |w 2019-11-15  |y BK  |k LIT 
952 |0 0  |1 0  |4 0  |6 CH_863_000000000000000_CAM_1983  |7 0  |8 A  |9 215446  |a BIBHIS  |b BIBHIS  |d 2019-11-15  |i 3984338  |o Ch863 CAM 1983  |p 3984338  |r 2025-01-20  |w 2019-11-15  |y BK  |k HIS